| 000 | 00752nam a22002177a 4500 | ||
|---|---|---|---|
| 003 | OSt | ||
| 005 | 20230920103913.0 | ||
| 008 | 221006b |||||||| |||| 00| 0 eng d | ||
| 040 | _cBiblioteca Lado V | ||
| 082 |
_a779.942 _bJ62a |
||
| 100 |
_9971 _aJobity, Michael _eautor |
||
| 245 | _aAbigail Hadeed/ | ||
| 260 |
_bBrazil _c1998 _aXXIV Sao Paula Bienal "National Representations" |
||
| 300 |
_c23x23cm _a35p. |
||
| 650 |
_2Tesauro de Arte & Arquitectura _aARTE |
||
| 650 |
_2Tesauro de Arte & Arquitectura _aFOTOGRAFIA _9702 |
||
| 650 |
_2Tesauro de Arte & Arquitectura _aRETRATOS _9703 |
||
| 650 |
_2Tesauro de Arte & Arquitectura _aFIGURAS HUMANAS |
||
| 700 |
_aBradshaw, Randolph _eautor |
||
| 942 |
_2ddc _c1 _h779.942 _iJ62a _n0 |
||
| 999 |
_c4215 _d4215 |
||